000 00682nam a2200205Ia 4500
003 GCL
008 140319s9999 xx 000 0 ara d
020 _a5005904977
040 _aGCL /
_cGCL
082 0 4 _a658.15937
_bى أ
100 1 _aياسين الكحلى
245 1 0 _aادارة الفنادق والقرى السياحية /
_cياسين الكحلى
250 _aالاولى
260 _aالقاهرة :
_bدار الوفاء للطباعة والنشر والتوزيع ،
_c2000
300 _a277 ص ؛
_c24 سم
650 0 4 _aالسياحة
650 0 4 _aالفنادق - تنظيم وادارة
650 0 4 _aالفنادق - ادارة
942 _2ddc
_cBK
999 _c1303
_d1303